Introduction to applied mathematics
Αποθηκεύτηκε σε:
| Κύριος συγγραφέας: | |
|---|---|
| Μορφή: | Βιβλίο |
| Γλώσσα: | English |
| Δημοσίευση: |
Wellesley, Mass. :
Wellesley-Cambridge Press,
c1986
|
| Θέματα: | |
| Ετικέτες: |
Προσθήκη ετικέτας
Δεν υπάρχουν, Καταχωρήστε ετικέτα πρώτοι!
|
MARC
| LEADER | 00000cam a2200000 i 4500 | ||
|---|---|---|---|
| 001 | 1/56129 | ||
| 008 | 941103s1986 eng d | ||
| 020 | |a 0961408804 |c $39.00 (est.) | ||
| 035 | |l 10045477 | ||
| 035 | |a 1993 |c ΑΥΓΕΡΙΝΟΣ | ||
| 040 | |a GR-MY-UA |b gre |e aacr | ||
| 041 | 0 | |a eng | |
| 082 | 0 | |a 510. |2 (19) | |
| 100 | 1 | |a Strang, Gilbert. | |
| 245 | 1 | 0 | |a Introduction to applied mathematics / |c Gilbert Strang |
| 260 | |a Wellesley, Mass. : |b Wellesley-Cambridge Press, |c c1986 | ||
| 300 | |a ix, 758 p.; |b ill.; |c 25 cm | ||
| 500 | |a Includes index | ||
| 504 | |a Bibliography: p. [738]-739 | ||
| 650 | 0 | 0 | |a Mathematics. |
| 852 | |a INST |b SAMOS |e 19941103 |h 510 STR |p 005300003125 |q 005300003125 |t BK |y 0 | ||
| 909 | |a Σ |b 027722 | ||